000
00246nam a22000857a 4500
008
160629b xxu||||| |||| 00| 0 eng d
100
_9
1340
_a
Sahitya Akademi
245
_a
Contemporary Indian Short Stories
260
_a
New Delhi
_b
Sahithya Akademi
_c
2004
999
_c
1102
_d
1102